000 00568cam a22002053a 4500
001 36953
003 PGUSA
005 20140828083817.0
008 110803s2011||||xxu|||||s|||||000 | eng d
040 _aPGUSA
_beng
042 _adc
100 1 _aHolmes, Thomas K.
245 1 4 _aThe Heart of Canyon Pass
_h[electronic resource] /
_cThomas K. Holmes
260 _bProject Gutenberg,
_c2011
506 _aPublic domain in the USA.
516 _aElectronic text
830 0 _aProject Gutenberg
_v36953
856 4 0 _uhttp://www.gutenberg.org/ebooks/36953
942 _cEB
999 _c266208
_d266208